| 000 | 00871nam a2200277Ia 4500 | ||
|---|---|---|---|
| 999 |
_c53638 _d53638 |
||
| 001 | 20685 | ||
| 003 | GE_BSU | ||
| 005 | 20221107153454.0 | ||
| 008 | 181216s2010||||xx |||||||||||||| ||eng|| | ||
| 020 | _a9780443069529 | ||
| 040 | _cGE_BSU | ||
| 041 | _aeng | ||
| 080 | _a611(075.8) D-80 | ||
| 100 |
_aDrake, Richard _910312 |
||
| 245 |
_aGray's Anatomy for Students / _cRichard L. Drake, Wayne A, Volg, Adam W.M. Michel ; Managing editor Gruliow Rebecca. |
||
| 250 | _aSecond edition | ||
| 264 |
_aPhiladelfia : _bElsevier, _c2010. |
||
| 300 |
_a1102 p. ; _c28cm. |
||
| 541 | _h181 Gel. | ||
| 653 | _aGray's Anatomy for Students | ||
| 653 | _aАнатомия | ||
| 653 | _aანატომია | ||
| 653 | _aმედიცინა | ||
| 700 |
_aGruliow Rebecca _e Editor _910313 |
||
| 942 |
_cBK _2udc |
||